[Event "2. Bundesliga Ost 2017/2018"]
[Site "alle Wien"]
[Date "2018.02.24"]
[Round "8"]
[Board "4"]
[White "Bauer, Thomas"]
[Black "Neumeier, Klaus"]
[Result "1/2-1/2"]
[WhiteElo "2168"]
[BlackElo "2302"]
[PlyCount "128"]
[EventDate "2017.10.21"]
[EventType "team"]
[EventRounds "11"]
[EventCountry "AUT"]
[WhiteTeam "L.A. Kraftanlage Ottakring 2"]
[BlackTeam "SC Data Technology Pressbaum/E."]

1. e4 c5 2. Nf3 Nc6 3. Bb5 e6 4. O-O Nge7 5. Re1 a6 6. Bf1 b5 7. c3 d5 8. d3
dxe4 9. dxe4 Qxd1 10. Rxd1 Ng6 11. Be3 Bb7 12. a4 b4 13. Nbd2 Nce5 14. Nxe5
Nxe5 15. f3 Be7 16. Nb3 Nd7 17. cxb4 cxb4 18. Rac1 Bd8 19. a5 Rc8 20. Rxc8 Bxc8
21. Rd6 Nb8 22. Bd2 Be7 23. Rb6 Nd7 24. Rc6 O-O 25. Bxa6 Nb8 26. Rxc8 Nxa6 27.
Rc6 Ra8 28. Kf1 Kf8 29. Be3 Ke8 30. Bb6 Kd7 31. Rc2 Bd6 32. Rd2 Ke7 33. g3 Rc8
34. f4 f6 35. Ke2 h5 36. Kf3 g5 37. h3 gxf4 38. gxf4 Rg8 39. Nd4 h4 40. Ne2 Bc5
41. Bxc5+ Nxc5 42. Rd4 Na6 43. Kf2 Rc8 44. Ke3 Rc5 45. Rd2 Rxa5 46. Nd4 Nb8 47.
Rc2 Ra1 48. f5 e5 49. Nf3 Nd7 50. Nxh4 Rh1 51. Ng6+ Kf7 52. Rc7 Rxh3+ 53. Kd2
Ke8 54. Rc8+ Kf7 55. Rc7 Ke8 56. Rc4 b3 57. Rc8+ Kf7 58. Rc7 Ke8 59. Rc6 Kf7
60. Rc8 Rh2+ 61. Kc1 Rh1+ 62. Kd2 Rh2+ 63. Kc1 Rh1+ 64. Kd2 Rh2+  1/2-1/2

[Event "2. Bundesliga Ost 2017/2018"]
[Site "alle Wien"]
[Date "2018.02.24"]
[Round "8"]
[Board "5"]
[White "Hechl, Gerald"]
[Black "Scheffknecht, Philipp"]
[Result "1-0"]
[WhiteElo "2325"]
[BlackElo "2129"]
[PlyCount "113"]
[EventDate "2017.10.21"]
[EventType "team"]
[EventRounds "11"]
[EventCountry "AUT"]
[WhiteTeam "SC Data Technology Pressbaum/E."]
[BlackTeam "L.A. Kraftanlage Ottakring 2"]

1. e4 d6 2. d4 Nf6 3. Nc3 g6 4. f4 Bg7 5. Nf3 c5 6. dxc5 Qa5 7. Qd4 O-O 8. Bd2
Nc6 9. Qc4 Qxc5 10. Qxc5 dxc5 11. e5 Nd7 12. O-O-O f6 13. exf6 exf6 14. Be3 a6
15. Bc4+ Kh8 16. Be6 Ncb8 17. Nd5 b6 18. h4 Ra7 19. h5 gxh5 20. Rxh5 Re8 21.
Bf7 Rd8 22. Nxb6 Rf8 23. Nxc8 Rxc8 24. Nh4 Nf8 25. Ng6+ Nxg6 26. Bxg6 Bf8 27.
Rdh1 Rcc7 28. Rf5 Rc6 29. Rd5 Rc8 30. Bf5 Re8 31. Bxc5 Rc7 32. Bd4 Rc6 33. Bxh7
Kg7 34. Rg5+ Kf7 35. Bg6+ Ke7 36. Rd5 Rec8 37. Bc3 Ke6 38. Be4 Rc4 39. f5+ Kf7
40. Rh7+ Kg8 41. Rh4 Re8 42. Rd4 Rxd4 43. Bxd4 Bh6+ 44. Rxh6 Rxe4 45. Bxf6 Kf7
46. Bc3 Nd7 47. Rh7+ Ke8 48. f6 Rf4 49. Re7+ Kd8 50. Ba5+ Kc8 51. f7 Rf5 52.
Bb4 a5 53. Re8+ Kc7 54. f8=Q Nxf8 55. Rxf8 Rg5 56. Bd2 Rxg2 57. Bxa5+  1-0

[Event "2. Bundesliga Ost 2017/2018"]
[Site "alle Wien"]
[Date "2018.02.24"]
[Round "8"]
[Board "6"]
[White "Peyrer, Konstantin"]
[Black "Lucaci, Marius"]
[Result "1-0"]
[WhiteElo "2133"]
[BlackElo "2187"]
[PlyCount "43"]
[EventDate "2017.10.21"]
[EventType "team"]
[EventRounds "11"]
[EventCountry "AUT"]
[WhiteTeam "L.A. Kraftanlage Ottakring 2"]
[BlackTeam "SC Data Technology Pressbaum/E."]

1. d4 d5 2. Nf3 Nf6 3. c4 c6 4. Nc3 Bf5 5. Bf4 dxc4 6. Nd2 Qxd4 7. e3 Qc5 8.
Bxc4 e6 9. Rc1 Nbd7 10. Be2 Qe7 11. Nc4 e5 12. Bg3 Ne4 13. Nxe4 Bxe4 14. O-O
Bd5 15. e4 Bxe4 16. f4 Qc5+ 17. Kh1 Qd5 18. Qxd5 cxd5 19. Nxe5 Bd6 20. Bb5 Rd8
21. Nxd7 Rxd7 22. Rc8+  1-0

[Event "2. Bundesliga Ost 2017/2018"]
[Site "alle Wien"]
[Date "2018.02.24"]
[Round "8"]
[Board "1"]
[White "Sadilek, Peter"]
[Black "Schroll, Gerhard"]
[Result "1-0"]
[WhiteElo "2298"]
[BlackElo "2293"]
[PlyCount "111"]
[EventDate "2017.10.21"]
[EventType "team"]
[EventRounds "11"]
[EventCountry "AUT"]
[WhiteTeam "tschaturanga"]
[BlackTeam "ASVOE Mattersburg"]

1. d4 Nf6 2. c4 e6 3. g3 d5 4. Bg2 Be7 5. Nf3 O-O 6. O-O dxc4 7. Ne5 Nc6 8.
Nxc6 bxc6 9. Na3 Bxa3 10. bxa3 Nd5 11. Qa4 Nb6 12. Qa5 Bb7 13. Qc5 Qd6 14. Rb1
Rad8 15. Qa5 Ba8 16. Bf4 Qxd4 17. Bxc7 Rd7 18. Qxa7 Na4 19. Qxd4 Rxd4 20. Be5
Rd2 21. Rb4 Nc5 22. Bf4 Rdd8 23. Rxc4 Nd7 24. Bxc6 Nb6 25. Rc2 Nd5 26. Bxa8
Rxa8 27. Bd6 Rfd8 28. Bc5 h6 29. Rd1 Rdc8 30. Rdc1 Kh7 31. f3 f5 32. Kf2 Ra6
33. Bb4 Rb8 34. Bc5 Rc8 35. Bd4 Rxc2 36. Rxc2 Rxa3 37. Rb2 Ra4 38. Be5 Kg6 39.
Rb7 Nf6 40. Rb2 Nd5 41. h4 Ra6 42. Ke1 Ra5 43. Kd2 Ne3 44. Kxe3 Rxe5+ 45. Kd4
Rd5+ 46. Kc4 Kh5 47. a4 g5 48. hxg5 Kxg5 49. Ra2 h5 50. e3 Rd8 51. a5 e5 52. a6
e4 53. fxe4 fxe4 54. a7 Ra8 55. Kd4 Kg4 56. Kxe4  1-0

[Event "2. Bundesliga Ost 2017/2018"]
[Site "alle Wien"]
[Date "2018.02.24"]
[Round "8"]
[Board "2"]
[White "Petran, Peter"]
[Black "Morgunov, Marc"]
[Result "1/2-1/2"]
[WhiteElo "2315"]
[BlackElo "2203"]
[PlyCount "83"]
[EventDate "2017.10.21"]
[EventType "team"]
[EventRounds "11"]
[EventCountry "AUT"]
[WhiteTeam "ASVOE Mattersburg"]
[BlackTeam "tschaturanga"]

1. g3 g6 2. Bg2 Bg7 3. d4 d6 4. e4 c5 5. dxc5 Qa5+ 6. Bd2 Qxc5 7. Nc3 Nf6 8.
Nge2 Nc6 9. h3 O-O 10. Be3 Qa5 11. Qd2 Be6 12. a3 Rac8 13. f4 b5 14. O-O a6 15.
g4 Bc4 16. Rfd1 Bxe2 17. Nxe2 Qxd2 18. Bxd2 Nd7 19. Ra2 Nd4 20. Nc3 Nxc2 21.
Nd5 Rfe8 22. Ba5 Nd4 23. b4 Nb3 24. Nc7 Bd4+ 25. Rxd4 Rxc7 26. Bxc7 Nxd4 27. e5
dxe5 28. Rd2 Rc8 29. Bxe5 Nxe5 30. fxe5 Rd8 31. Kf2 Kf8 32. Bb7 Rd7 33. Bxa6
Ra7 34. Rxd4 Rxa6 35. Rd3 f6 36. Kf3 Kf7 37. Kf4 Ke6 38. exf6 exf6 39. Rc3 h6
40. Ke4 Kd6 41. h4 Rc6 42. Rd3+  1/2-1/2

[Event "2. Bundesliga Ost 2017/2018"]
[Site "alle Wien"]
[Date "2018.02.24"]
[Round "8"]
[Board "3"]
[White "Sadilek, Maximilian"]
[Black "Brod, Manfred"]
[Result "1/2-1/2"]
[WhiteElo "2271"]
[BlackElo "2244"]
[PlyCount "103"]
[EventDate "2017.10.21"]
[EventType "team"]
[EventRounds "11"]
[EventCountry "AUT"]
[WhiteTeam "tschaturanga"]
[BlackTeam "ASVOE Mattersburg"]

1. e4 e6 2. Nf3 d5 3. Nc3 Nf6 4. e5 Nfd7 5. d4 c5 6. Ne2 cxd4 7. Nexd4 Nc6 8.
Nxc6 bxc6 9. Bd3 Ba6 10. O-O Bxd3 11. cxd3 Qb6 12. Qa4 Nc5 13. Qc2 Nd7 14. Be3
c5 15. Rab1 Qa6 16. a3 Be7 17. b4 cxb4 18. axb4 O-O 19. b5 Qb7 20. Qc6 Rfb8 21.
Rfc1 h6 22. h3 Bf8 23. Kf1 g5 24. Bd4 Bg7 25. Qc7 Nf8 26. Rc6 Ng6 27. g3 Ne7
28. Qxb7 Rxb7 29. Ra6 Nf5 30. Bc5 Rab8 31. Ra5 Ra8 32. d4 Ne7 33. Rba1 Nc8 34.
Ke2 Rab8 35. Bxa7 Nxa7 36. Rxa7 Rxb5 37. Ne1 Rb2+ 38. Ke3 f6 39. exf6 Bxf6 40.
Nd3 R2b3 41. R1a6 R8b6 42. Ra8+ Kf7 43. R6a7+ Rb7 44. Rxb7+ Rxb7 45. Nc5 Re7
46. f4 h5 47. fxg5 Bxg5+ 48. Kd3 h4 49. gxh4 Bxh4 50. Rh8 Bf6 51. Rh7+ Bg7 52.
Rh4  1/2-1/2

[Event "2. Bundesliga Ost 2017/2018"]
[Site "alle Wien"]
[Date "2018.02.24"]
[Round "8"]
[Board "4"]
[White "Strodl, Joachim"]
[Black "Morgunov, Daniel"]
[Result "0-1"]
[WhiteElo "2164"]
[BlackElo "2231"]
[PlyCount "54"]
[EventDate "2017.10.21"]
[EventType "team"]
[EventRounds "11"]
[EventCountry "AUT"]
[WhiteTeam "ASVOE Mattersburg"]
[BlackTeam "tschaturanga"]

1. c4 Nf6 2. Nc3 g6 3. g3 Bg7 4. Bg2 d6 5. Nf3 O-O 6. O-O Nc6 7. d3 Nh5 8. e3
f5 9. Qb3 Kh8 10. Bd2 e5 11. Nd5 Nb8 12. e4 c6 13. Nc3 f4 14. Qd1 Na6 15. Ne1
Nc5 16. b4 Ne6 17. b5 Nd4 18. g4 f3 19. gxh5 fxg2 20. Nxg2 Nf3+ 21. Kh1 gxh5
22. Be3 Bg4 23. Ne2 h4 24. Qc2 h3 25. Ne1 Qf6 26. Qc3 Nxe1 27. f4 Bxe2  0-1

[Event "2. Bundesliga Ost 2017/2018"]
[Site "alle Wien"]
[Date "2018.02.24"]
[Round "8"]
[Board "5"]
[White "Leitner, Gerald"]
[Black "Salamon, Werner"]
[Result "1/2-1/2"]
[WhiteElo "2118"]
[BlackElo "2162"]
[PlyCount "122"]
[EventDate "2017.10.21"]
[EventType "team"]
[EventRounds "11"]
[EventCountry "AUT"]
[WhiteTeam "tschaturanga"]
[BlackTeam "ASVOE Mattersburg"]

1. Nf3 Nf6 2. c4 e6 3. d4 d5 4. Nc3 Be7 5. Bf4 O-O 6. e3 b6 7. cxd5 Nxd5 8.
Nxd5 exd5 9. Bd3 c5 10. Rc1 Be6 11. O-O g6 12. Qe2 Bd6 13. Bxd6 Qxd6 14. dxc5
bxc5 15. Rfd1 Nd7 16. h3 Qb6 17. b3 Rfd8 18. e4 dxe4 19. Bxe4 Rac8 20. Ng5 Nf8
21. Rxd8 Rxd8 22. Qe3 Qa5 23. Bb1 Qd2 24. Qxd2 Rxd2 25. Ne4 Rb2 26. Nxc5 a5 27.
Kf1 Bf5 28. Bxf5 gxf5 29. a4 Ne6 30. Nxe6 fxe6 31. Rc3 Kf7 32. g3 Kf6 33. Kg2
h5 34. Kf3 Ke5 35. Rc5+ Kf6 36. Rb5 Kg6 37. h4 Kf6 38. Ke3 e5 39. Kf3 Ke6 40.
Rxa5 Rxb3+ 41. Kg2 e4 42. Ra6+ Kf7 43. Rh6 Ra3 44. Rxh5 Kg6 45. Rg5+ Kf6 46. a5
Ra2 47. Kf1 Rxa5 48. g4 Ra1+ 49. Kg2 fxg4 50. Rxg4 Kf5 51. Rg5+ Kf4 52. Rg3 Ra5
53. Rg8 Rb5 54. Re8 Ra5 55. Rh8 Ra2 56. Re8 Ra5 57. Kh3 Ra3+ 58. Kg2 Ra5 59.
Rg8 Rb5 60. Rg3 Ra5 61. Kh3 Ra1  1/2-1/2

[Event "2. Bundesliga Ost 2017/2018"]
[Site "alle Wien"]
[Date "2018.02.24"]
[Round "8"]
[Board "6"]
[White "Wiedner, Robert"]
[Black "Rother, Moritz"]
[Result "0-1"]
[WhiteElo "2157"]
[BlackElo "2106"]
[PlyCount "78"]
[EventDate "2017.10.21"]
[EventType "team"]
[EventRounds "11"]
[EventCountry "AUT"]
[WhiteTeam "ASVOE Mattersburg"]
[BlackTeam "tschaturanga"]

1. Nf3 Nf6 2. c4 c6 3. e3 d5 4. b4 Bg4 5. a4 e5 6. Qb3 Nbd7 7. Bb2 Bd6 8. c5
Bc7 9. d4 Bxf3 10. gxf3 a6 11. Nd2 Qe7 12. h4 O-O 13. a5 exd4 14. Bxd4 Be5 15.
Qc3 Bxd4 16. Qxd4 Qe5 17. Nb3 Qf5 18. Qd1 Rfe8 19. Nd4 Qe5 20. Be2 Nf8 21. Qd3
Ne6 22. Rd1 Nxd4 23. Qxd4 Nd7 24. Qxe5 Rxe5 25. Rd4 Nf8 26. Rg4 h5 27. Rg3 Ne6
28. Kd2 Rd8 29. Rhg1 d4 30. e4 g6 31. Bc4 Nf4 32. Rxg6+ Nxg6 33. Rxg6+ Kf8 34.
Rf6 Re7 35. Rf5 d3 36. Bb3 Rd4 37. Kc3 Red7 38. e5 d2 39. e6 Rd3+  0-1

[Event "2. Bundesliga Ost 2017/2018"]
[Site "alle Wien"]
[Date "2018.02.25"]
[Round "9"]
[Board "1"]
[White "Schroll, Gerhard"]
[Black "Jankovic, Alojzije"]
[Result "0-1"]
[WhiteElo "2293"]
[BlackElo "2568"]
[PlyCount "70"]
[EventDate "2017.10.21"]
[EventType "team"]
[EventRounds "11"]
[EventCountry "AUT"]
[WhiteTeam "ASVOE Mattersburg"]
[BlackTeam "SK Advisory Invest Baden"]

1. d4 Nf6 2. Nf3 g6 3. Bf4 d6 4. e3 Nh5 5. Bg5 h6 6. Bh4 g5 7. Nfd2 Ng7 8. Bg3
Nf5 9. c3 h5 10. e4 Nxd4 11. h4 Ne6 12. hxg5 Ng7 13. f4 e5 14. Nf3 exf4 15.
Bxf4 Nc6 16. Bc4 Ne6 17. Be3 Bg7 18. Nbd2 Qe7 19. Qc2 Ne5 20. O-O-O Ng4 21. Nf1
Nxe3 22. Nxe3 Nxg5 23. Nd5 Qd8 24. Nxg5 Qxg5+ 25. Kb1 O-O 26. Nxc7 Qc5 27. Nd5
Re8 28. Be2 f5 29. b4 Qc6 30. exf5 Rxe2 31. Qxe2 Bxf5+ 32. Kb2 Re8 33. Qxh5 Qa4
34. Rd2 Re5 35. a3 Rxd5  0-1

[Event "2. Bundesliga Ost 2017/2018"]
[Site "alle Wien"]
[Date "2018.02.25"]
[Round "9"]
[Board "2"]
[White "Sharashenidze, Akaki"]
[Black "Petran, Peter"]
[Result "1/2-1/2"]
[WhiteElo "2351"]
[BlackElo "2315"]
[PlyCount "101"]
[EventDate "2017.10.21"]
[EventType "team"]
[EventRounds "11"]
[EventCountry "AUT"]
[WhiteTeam "SK Advisory Invest Baden"]
[BlackTeam "ASVOE Mattersburg"]

1. e4 g6 2. d4 Bg7 3. Nc3 d6 4. h3 Nd7 5. Nf3 e5 6. Bc4 Ngf6 7. dxe5 dxe5 8.
Bg5 c6 9. Qd6 Qe7 10. O-O-O h6 11. Be3 Qxd6 12. Rxd6 Bf8 13. Rdd1 Bb4 14. Rhe1
g5 15. a3 Ba5 16. b4 Bc7 17. h4 g4 18. Nd2 a5 19. Nb3 axb4 20. axb4 Nb6 21. Bf1
Na4 22. Nxa4 Rxa4 23. Nc5 Ra8 24. Kb2 b6 25. Nd3 h5 26. f3 Be6 27. Ra1 O-O 28.
Rxa8 Rxa8 29. Ra1 Rxa1 30. Kxa1 Nd7 31. Be2 f5 32. exf5 Bxf5 33. Nf2 Nf6 34.
Bg5 gxf3 35. Bxf3 e4 36. Be2 Be5+ 37. Ka2 Nd5 38. Kb3 b5 39. c4 Nc3 40. Bf1 Be6
41. Bd2 Bd4 42. Nh3 Nb1 43. Be1 e3 44. Ng5 Bg4 45. Nf3 Bxf3 46. gxf3 Nd2+ 47.
Bxd2 exd2 48. Kc2 Bc3 49. cxb5 cxb5 50. Bxb5 Bxb4 51. Be8  1/2-1/2

[Event "2. Bundesliga Ost 2017/2018"]
[Site "alle Wien"]
[Date "2018.02.25"]
[Round "9"]
[Board "3"]
[White "Brod, Manfred"]
[Black "Fieberg, Samuel"]
[Result "1/2-1/2"]
[WhiteElo "2244"]
[BlackElo "2302"]
[PlyCount "97"]
[EventDate "2017.10.21"]
[EventType "team"]
[EventRounds "11"]
[EventCountry "AUT"]
[WhiteTeam "ASVOE Mattersburg"]
[BlackTeam "SK Advisory Invest Baden"]

1. e4 c5 2. Nf3 Nc6 3. d4 cxd4 4. Nxd4 Nf6 5. Nc3 e5 6. Ndb5 h6 7. Nd6+ Bxd6 8.
Qxd6 Qe7 9. Qxe7+ Kxe7 10. Be3 d6 11. f3 Be6 12. O-O-O a6 13. b3 Rhc8 14. Kb2
Nd7 15. g4 b5 16. a4 bxa4 17. Nxa4 Nb4 18. c3 Nc6 19. b4 a5 20. b5 Nd8 21. h4
Nb7 22. Rh2 Bc4 23. Bxc4 Rxc4 24. Kb3 Rac8 25. Rc2 Ke6 26. Rdd2 g6 27. Bxh6 f5
28. gxf5+ gxf5 29. exf5+ Kxf5 30. Bg5 d5 31. f4 Nbc5+ 32. Nxc5 R8xc5 33. fxe5
Rxb5+ 34. Ka3 Kxe5 35. Rd4 Rxd4 36. cxd4+ Kxd4 37. h5 Rb7 38. h6 Nf8 39. Bf6+
Ke3 40. Rc5 Rd7 41. Rxa5 d4 42. Re5+ Kf4 43. Re7 Rxe7 44. Bxe7 Ng6 45. Bb4 Nh8
46. Kb2 Nf7 47. Bd2+ Kf5 48. Kc2 Nxh6 49. Bxh6  1/2-1/2

[Event "2. Bundesliga Ost 2017/2018"]
[Site "alle Wien"]
[Date "2018.02.25"]
[Round "9"]
[Board "4"]
[White "Zojer, Stefan"]
[Black "Strodl, Joachim"]
[Result "1-0"]
[WhiteElo "2128"]
[BlackElo "2164"]
[PlyCount "78"]
[EventDate "2017.10.21"]
[EventType "team"]
[EventRounds "11"]
[EventCountry "AUT"]
[WhiteTeam "SK Advisory Invest Baden"]
[BlackTeam "ASVOE Mattersburg"]

1. d4 g6 2. Nf3 Bg7 3. e3 d6 4. c4 Nf6 5. Nc3 O-O 6. b3 c5 7. Be2 Qa5 8. Bd2
Qb6 9. O-O Bg4 10. h3 Bf5 11. Nh4 Bd7 12. d5 e6 13. e4 Qd8 14. Nf3 exd5 15.
exd5 Bf5 16. Rc1 a6 17. Bg5 h6 18. Bf4 Qc7 19. Qd2 Kh7 20. g4 Ne4 21. Nxe4 Bxe4
22. Nh2 g5 23. Be3 Nd7 24. h4 gxh4 25. Bd3 Bg6 26. f4 f5 27. Qc2 Rae8 28. Bf2
Kh8 29. Nf3 Nf6 30. Nxh4 Bh7 31. Bxf5 Bxf5 32. Qxf5 Rf7 33. Rce1 Rxe1 34. Rxe1
Qd7 35. Re6 Nh7 36. Qe4 Nf8 37. f5 Nxe6 38. fxe6 Qe8 39. Ng6+ Kg8  1-0

[Event "2. Bundesliga Ost 2017/2018"]
[Site "alle Wien"]
[Date "2018.02.25"]
[Round "9"]
[Board "5"]
[White "Salamon, Werner"]
[Black "Hofegger, Jakob"]
[Result "1/2-1/2"]
[WhiteElo "2162"]
[BlackElo "2117"]
[PlyCount "87"]
[EventDate "2017.10.21"]
[EventType "team"]
[EventRounds "11"]
[EventCountry "AUT"]
[WhiteTeam "ASVOE Mattersburg"]
[BlackTeam "SK Advisory Invest Baden"]

1. e4 e6 2. d4 d5 3. exd5 exd5 4. Bd3 Bd6 5. Nf3 Ne7 6. O-O Bg4 7. Re1 Nbc6 8.
c3 Qd7 9. Nbd2 O-O 10. Nf1 Bf5 11. Bxf5 Nxf5 12. Ng3 Rfe8 13. Bd2 Rxe1+ 14.
Qxe1 Re8 15. Qf1 Nxg3 16. hxg3 Ne7 17. Bf4 Bxf4 18. gxf4 f6 19. Re1 Nf5 20. g3
Nd6 21. Rxe8+ Qxe8 22. Qd3 Qa4 23. Qe2 Kf7 24. a3 Qb3 25. Ne1 g6 26. Nd3 Qc4
27. g4 Qb5 28. g5 Qe8 29. Qf3 Ne4 30. gxf6 Kxf6 31. Ne5 Qe6 32. c4 b6 33. Qh1
Kg7 34. cxd5 Qxd5 35. Qh4 Nf6 36. f5 Qa2 37. fxg6 hxg6 38. Qg3 Qb1+ 39. Kg2
Qe4+ 40. Kg1 Qb1+ 41. Kg2 Qf5 42. Kg1 Ne4 43. Qg2 Qg5 44. Qxg5  1/2-1/2

[Event "2. Bundesliga Ost 2017/2018"]
[Site "alle Wien"]
[Date "2018.02.25"]
[Round "9"]
[Board "6"]
[White "Trippold, Denise"]
[Black "Wiedner, Robert"]
[Result "0-1"]
[WhiteElo "2069"]
[BlackElo "2157"]
[PlyCount "68"]
[EventDate "2017.10.21"]
[EventType "team"]
[EventRounds "11"]
[EventCountry "AUT"]
[WhiteTeam "SK Advisory Invest Baden"]
[BlackTeam "ASVOE Mattersburg"]

1. Nf3 Nf6 2. c4 e6 3. g3 b6 4. Bg2 Bb7 5. O-O Be7 6. d4 O-O 7. Nc3 Ne4 8. Bd2
d6 9. d5 Nxd2 10. Qxd2 e5 11. e4 g6 12. Ne1 Bg5 13. Qc2 Bh6 14. Nd3 Nd7 15. b4
a5 16. a3 Qe7 17. Rfd1 f5 18. c5 dxc5 19. bxc5 Nxc5 20. exf5 Rxf5 21. d6 cxd6
22. Nd5 Qf7 23. Nxb6 Bxg2 24. Nxc5 Rf8 25. Nd3 Be4 26. Nc4 Rxf2 27. Qxf2 Qxc4
28. Qe2 Bf3 29. Qe1 Qc2 30. Nf2 Bxd1 31. Nxd1 Qc5+ 32. Kg2 Qd5+ 33. Kh3 Rf5 34.
Nf2 Qf3  0-1

[Event "2. Bundesliga Ost 2017/2018"]
[Site "alle Wien"]
[Date "2018.02.25"]
[Round "9"]
[Board "1"]
[White "Gstach, Jakob"]
[Black "Sadilek, Peter"]
[Result "1/2-1/2"]
[WhiteElo "2285"]
[BlackElo "2298"]
[PlyCount "151"]
[EventDate "2017.10.21"]
[EventType "team"]
[EventRounds "11"]
[EventCountry "AUT"]
[WhiteTeam "L.A. Kraftanlage Ottakring 2"]
[BlackTeam "tschaturanga"]

1. Nf3 Nf6 2. g3 g6 3. b3 Bg7 4. Bb2 O-O 5. Bg2 d6 6. d4 c5 7. c4 Ne4 8. O-O
Nc6 9. e3 Bg4 10. Nbd2 Ng5 11. Qc2 Nxf3+ 12. Nxf3 Bxf3 13. Bxf3 cxd4 14. Bxc6
bxc6 15. Bxd4 Bxd4 16. exd4 d5 17. Rac1 e6 18. Qd2 Qb6 19. cxd5 cxd5 20. Rc5 a5
21. Rfc1 Qb4 22. Qxb4 axb4 23. R1c2 Rfb8 24. Rc7 Kg7 25. Kg2 Kf6 26. Kf3 h5 27.
h4 Ra6 28. Rd7 Rba8 29. Rcc7 Rf8 30. Rc2 Kf5 31. Rb7 f6 32. Rxb4 Ra3 33. Re2
Rc8 34. Re3 Rxa2 35. Rb7 e5 36. dxe5 fxe5 37. Kg2 e4 38. Rf7+ Ke5 39. g4 hxg4
40. Kg3 Rc1 41. Kxg4 Rg1+ 42. Rg3 Rxg3+ 43. Kxg3 Rb2 44. Rb7 Rc2 45. Re7+ Kf5
46. Rf7+ Ke6 47. Rg7 Rc3+ 48. Kg2 Rxb3 49. Rxg6+ Ke5 50. Rg5+ Kd4 51. h5 Rb7
52. h6 Rh7 53. Rh5 Kc3 54. Kg3 d4 55. Kf4 d3 56. Ke3 Kc2 57. Rc5+ Kd1 58. Rc6
Re7 59. Ra6 Rh7 60. Ra1+ Kc2 61. Ra6 Kd1 62. Ra1+ Kc2 63. Ra6 Rd7 64. Rc6+ Kd1
65. Rg6 d2 66. Rg7 Rd3+ 67. Kxe4 Ke2 68. Rg1 Rh3 69. f4 Rxh6 70. f5 Rc6 71.
Rg2+ Ke1 72. Ke5 d1=Q 73. Rg1+ Ke2 74. Rxd1 Kxd1 75. f6 Rxf6 76. Kxf6  1/2-1/2

[Event "2. Bundesliga Ost 2017/2018"]
[Site "alle Wien"]
[Date "2018.02.25"]
[Round "9"]
[Board "2"]
[White "Morgunov, Marc"]
[Black "Steiner, Adam"]
[Result "1-0"]
[WhiteElo "2203"]
[BlackElo "2179"]
[PlyCount "91"]
[EventDate "2017.10.21"]
[EventType "team"]
[EventRounds "11"]
[EventCountry "AUT"]
[WhiteTeam "tschaturanga"]
[BlackTeam "L.A. Kraftanlage Ottakring 2"]

1. e4 c6 2. Nc3 d5 3. d4 dxe4 4. Nxe4 Bf5 5. Ng3 Bg6 6. h4 h6 7. h5 Bh7 8. Bd3
Bxd3 9. Qxd3 Nf6 10. Nf3 e6 11. Bd2 Be7 12. O-O-O c5 13. Ne4 Nbd7 14. Be3 Qa5
15. Kb1 O-O 16. Nfd2 Rfd8 17. Qe2 cxd4 18. Bxd4 Rac8 19. Nb3 Qc7 20. Nc3 a6 21.
g4 e5 22. Be3 Qc4 23. Qxc4 Rxc4 24. f3 Rdc8 25. Nd5 Kf8 26. c3 Rb8 27. Rhe1 b5
28. Bf2 b4 29. cxb4 Bxb4 30. Nxf6 Nxf6 31. Rxe5 Rf4 32. Rd4 Rxd4 33. Bxd4 Bd6
34. Ra5 Ra8 35. Bxf6 gxf6 36. Kc2 Rc8+ 37. Kd3 Be5 38. Nd4 Rc1 39. Nf5 Rc6 40.
Nxh6 Bxb2 41. Nf5 Ke8 42. h6 Rc1 43. h7 Rh1 44. Ng7+ Ke7 45. Rh5 Rxh5 46. gxh5
 1-0

[Event "2. Bundesliga Ost 2017/2018"]
[Site "alle Wien"]
[Date "2018.02.25"]
[Round "9"]
[Board "3"]
[White "Steindl, Johannes"]
[Black "Sadilek, Maximilian"]
[Result "0-1"]
[WhiteElo "2236"]
[BlackElo "2271"]
[PlyCount "61"]
[EventDate "2017.10.21"]
[EventType "team"]
[EventRounds "11"]
[EventCountry "AUT"]
[WhiteTeam "L.A. Kraftanlage Ottakring 2"]
[BlackTeam "tschaturanga"]

1. e4 e5 2. Nf3 d6 3. Bc4 Nf6 4. Ng5 d5 5. exd5 h6 6. Nf3 e4 7. Ne5 Bd6 8. d4
O-O 9. Nc3 Nbd7 10. Bf4 Re8 11. O-O Qe7 12. Bb5 a6 13. Nxd7 Bxd7 14. Bxd6 Qxd6
15. Bxd7 Qxd7 16. Re1 Re7 17. Qd2 Rae8 18. Nd1 Qxd5 19. Ne3 Qh5 20. Qb4 c6 21.
h3 Rd7 22. a4 Nd5 23. Qc5 f5 24. Ra3 Qf7 25. Nc4 Qf6 26. Ne5 Rde7 27. f3 Rxe5
28. dxe5 Rxe5 29. fxe4 fxe4 30. Rf1 Qg6 31. c4  0-1

[Event "2. Bundesliga Ost 2017/2018"]
[Site "alle Wien"]
[Date "2018.02.25"]
[Round "9"]
[Board "4"]
[White "Leitner, Gerald"]
[Black "Bauer, Thomas"]
[Result "0-1"]
[WhiteElo "2118"]
[BlackElo "2168"]
[PlyCount "94"]
[EventDate "2017.10.21"]
[EventType "team"]
[EventRounds "11"]
[EventCountry "AUT"]
[WhiteTeam "tschaturanga"]
[BlackTeam "L.A. Kraftanlage Ottakring 2"]

1. d4 Nf6 2. c4 e6 3. Nc3 Bb4 4. Qc2 b6 5. a3 Bxc3+ 6. Qxc3 Bb7 7. Bg5 d6 8. e3
Nbd7 9. Qc2 Nf8 10. f3 Ng6 11. e4 O-O 12. Ne2 c5 13. dxc5 bxc5 14. Nc3 Ne5 15.
Rd1 Ba6 16. f4 Neg4 17. Qe2 Qb8 18. h3 Bxc4 19. Qxc4 Ne3 20. Qd3 Nxd1 21. Nxd1
c4 22. Qe3 d5 23. Bxf6 gxf6 24. Be2 d4 25. Qg3+ Kh8 26. Bxc4 Qc7 27. Bd3 Qa5+
28. Ke2 Rg8 29. Qf2 Qh5+ 30. Ke1 Rac8 31. Rh2 Rc1 32. g4 Qc5 33. Qd2 Rb8 34.
Re2 Rb3 35. Kf1 Rxb2 36. Qxb2 Rxd1+ 37. Kg2 Rxd3 38. e5 Qd5+ 39. Kh2 Rb3 40.
Qc1 Rc3 41. Qb2 fxe5 42. Rxe5 Qb3 43. Qxb3 Rxb3 44. Ra5 d3 45. Rxa7 Rb5 46. f5
Rd5 47. fxe6 fxe6  0-1

[Event "2. Bundesliga Ost 2017/2018"]
[Site "alle Wien"]
[Date "2018.02.25"]
[Round "9"]
[Board "5"]
[White "Plank, Franz"]
[Black "Rother, Moritz"]
[Result "1-0"]
[WhiteElo "2197"]
[BlackElo "2106"]
[PlyCount "47"]
[EventDate "2017.10.21"]
[EventType "team"]
[EventRounds "11"]
[EventCountry "AUT"]
[WhiteTeam "L.A. Kraftanlage Ottakring 2"]
[BlackTeam "tschaturanga"]

1. e4 c5 2. d4 cxd4 3. Qxd4 Nc6 4. Qd3 a6 5. c4 b5 6. Nf3 g6 7. Be2 Bg7 8. O-O
Nf6 9. Nc3 bxc4 10. Qxc4 Rb8 11. Rb1 Rb4 12. Qd3 Ng4 13. a3 Nge5 14. Nxe5 Nxe5
15. Qc2 Rb6 16. Be3 Rc6 17. Qa4 d6 18. Nd5 Bd7 19. Qd1 Nc4 20. Bd4 e5 21. Bc3
Be6 22. Qa4 Qc8 23. Bxc4 Bd7 24. Ne3  1-0

[Event "2. Bundesliga Ost 2017/2018"]
[Site "alle Wien"]
[Date "2018.02.25"]
[Round "9"]
[Board "6"]
[White "Landl, Margot"]
[Black "Peyrer, Konstantin"]
[Result "0-1"]
[WhiteElo "1939"]
[BlackElo "2133"]
[PlyCount "76"]
[EventDate "2017.10.21"]
[EventType "team"]
[EventRounds "11"]
[EventCountry "AUT"]
[WhiteTeam "tschaturanga"]
[BlackTeam "L.A. Kraftanlage Ottakring 2"]

1. e4 c5 2. Nc3 Nc6 3. g3 e6 4. Bg2 Nge7 5. f4 a6 6. a4 d5 7. e5 g5 8. Nf3 gxf4
9. gxf4 Ng6 10. d3 Nh4 11. Qe2 Rg8 12. Nxh4 Qxh4+ 13. Qf2 Be7 14. O-O Nd4 15.
Kh1 Qxf2 16. Rxf2 Bh4 17. Rd2 Be1 18. Rd1 Nxc2 19. Rb1 Bh4 20. Ne2 Bd7 21. b3
Ne1 22. Ng3 Nxg2 23. Kxg2 b5 24. Ba3 b4 25. Bc1 Be7 26. Bd2 c4 27. dxc4 dxc4
28. bxc4 Bxa4 29. Rdc1 a5 30. Kf2 Bc6 31. c5 h5 32. Ke3 Rd8 33. Be1 f5 34. Nxh5
Rh8 35. Ng3 Rxh2 36. Ra1 Bb5 37. Rd1 Bxc5+ 38. Kf3 Bc6+  0-1